000
00268nam a2200109Ia 4500
001
588904
005
20250717120839.0
008
250717s9999 xx 000 0 und d
245
0
_a
Y-7 KURTUBALI LÜBNA
_c
ELİF AKARDAŞ
260
_b
ERDEM YAYINLARI
_c
2020
300
_b
95
999
_c
588904
_d
588904